000 01043nam a2200325Ia 4500
001 79671
003 IT-RoPAU
008 130308s9999 xx 000 0 und d
040 _aIT-RoPAU
040 _cIT-RoPAU
041 _aINGLESE
100 _aAA.VV.
100 _gCodice Aut. SPICS: 12000
245 _aReligion in film
245 _bReligion in Film
250 _a3a ed.
260 _aTENNESSEE
260 _bUniversity Of Tennessee Press
260 _c1987 [1° Ed.:1982 - Ed.Ling.Originale:1982]
300 _a"276 p. (prefazione: 18; testo: 258 [pagine: 0-0])"
500 _aReligione nel Film Approccio Alla Interpretazione Religiosa del Film Generi e Orientamenti Culturali del Cinema registi produttori e Varietà di Sensibilità Religiosa Articoli di Autori Vari
650 _aEDUCAZIONE AL CINEMA
650 _eCodice materia Spics: 6812
700 _aMay John R.Bird Michael
700 _gCodice Aut. SPICS: 28816Codice Aut. SPICS: 28817
942 _cBK
957 _71
999 _c72691
_d72691
999 _bSI
999 _g1